| 000 | 01361nam a2200277 a 4500 | ||
|---|---|---|---|
| 001 | 000016761 | ||
| 005 | 20250604101230.0 | ||
| 008 | 100310s1996 dr ad 001 0 spa d | ||
| 040 |
_aDO-SdBNP _bspa _cBNPHU |
||
| 082 |
_a338.642 _bO77p |
||
| 100 | 1 |
_aOrtiz, Marina _910383 |
|
| 245 | 1 | 0 |
_aPerfil de las microempresas en la República Dominicana y características de las microempresas de Santiago / _cMarina Ortiz . |
| 246 | 1 | 0 | _aPerfil de las microempresas en la República Dominicana y características de las microempresas de Santiago 1995-1996 |
| 260 |
_aSanto Domingo : _bFONDOMICRO, _c1996. |
||
| 300 |
_axxxii, 213 p. : _bil. ; _c27 cm. |
||
| 500 | _aIncluye referencias bibliográficas y notas al pie de las páginas | ||
| 505 | 0 |
_tMetodología -- _tPerfil de las microempresas y pequeñas empresas -- _tPerfil de los empresarios -- _tLas microempresas y el crédito -- _tEmpresas nuevas y empresas desaparecidas -- _tMicroempresas de Santiago -- _tAnexos |
|
| 590 | _aInventariado,2018/DG | ||
| 650 | 0 |
_aPequeñas y medianas empresas _919057 |
|
| 650 | 4 |
_aNuevas empresas _xEstudio de casos _937145 |
|
| 650 | 4 |
_aEmpresarios industriales _95871 |
|
| 650 | 4 |
_aFinanciamiento industrial _937146 |
|
| 700 | 1 |
_aDávalos, Mario _99529 |
|
| 710 | 1 |
_aFondo para el Financiamiento de las Microempresas _937147 |
|
| 910 | _aValidado. Control de calidad BNPHU | ||
| 999 |
_c16293 _d16293 |
||